| 000 | 00364nam a22001217a 4500 | ||
|---|---|---|---|
| 082 | _a220 PRO | ||
| 100 |
_aIMRAN, SAQIB, SAIF ULLAH _972137 |
||
| 245 | _aPR-SOF-1003-DESIGN AND FABRICATION OF AN AUTOMATED ABOVE ELBOW PROSTHE | ||
| 260 |
_aISLAMABAD _bNUST COLLEGE OF EME _c2010 |
||
| 650 |
_aDE-MTS-28 _972138 |
||
| 700 | _aSUPERVISOR DR JAVED IQBAL | ||
| 942 | _cCR | ||
| 999 |
_c578303 _d578303 |
||